| 000 | 00873nab a2200265 u 4500 | ||
|---|---|---|---|
| 001 | 21618 | ||
| 003 | HDC | ||
| 007 | cr bn ---aaaaa | ||
| 008 | 210309b20142014my d||ne |||| 00| 0 may d | ||
| 040 | _aHDC | ||
| 100 |
_aNor Azizah Mokhtar _919062 |
||
| 245 | 0 |
_aPPIM kesal pengeluar tak sensitif _c/ Nor Azizah Mokhtar |
|
| 260 |
_aMalaysia: _bNew Straits Times Press (M) Bhd., _c2014 |
||
| 300 | _a1 online resource (page 25) | ||
| 336 |
_atext _2rdacontent |
||
| 337 |
_acomputer _2rdamedia |
||
| 338 |
_aonline resource _2rdacarrier |
||
| 650 |
_aFood _xLabeling _917350 |
||
| 650 |
_aHalal food _950 |
||
| 710 | _aBerita Harian | ||
| 856 | _zRequest full-text at [email protected] | ||
| 942 | _2lcc | ||
| 942 | _cNEWS | ||
| 942 | _kNWSC 002757 | ||
| 999 |
_c18934 _d18934 |
||